000
00285nam a22001337a 4500
082
_a
894.812.3
_b
EDI/S
100
_a
IDICULA,JOSE
245
_a
SESHAKRIYA
250
_a
FIRST
260
_a
KOTTAYAM
_b
SINCERE PUBLICATIONS
_c
2001
300
_a
80
650
_a
STORY
_z
KERALA
942
_c
BK
999
_c
1618
_d
1618